पर्यावरणीय अध्ययन और शिक्षण शास्त्र/ (Record no. 200169)
[ view plain ]
| 000 -LEADER | |
|---|---|
| fixed length control field | 01251nam a22002057a 4500 |
| 005 - DATE AND TIME OF LATEST TRANSACTION | |
| control field | 20240321111807.0 |
| 010 ## - LCCN (DPL NO) | |
| LC control number | B-758086-092 |
| 020 ## - INTERNATIONAL STANDARD BOOK NUMBER | |
| International Standard Book Number | 9789355324498 |
| Terms of availability | 345.00 |
| 035 ## - SYSTEM CONTROL NUMBER | |
| System control number | B-758086-092 |
| 082 ## - DEWEY DECIMAL CLASSIFICATION NUMBER | |
| Classification number | 363.7402 |
| 100 ## - MAIN ENTRY--PERSONAL NAME | |
| Personal name | प्रकाश,ओम |
| 245 ## - TITLE STATEMENT | |
| Title | पर्यावरणीय अध्ययन और शिक्षण शास्त्र/ |
| Remainder of title | |
| Statement of responsibility, etc | ओम प्रकाश और बिमला प्रकाश |
| 260 ## - PUBLICATION, DISTRIBUTION, ETC. (IMPRINT) | |
| Place of publication, distribution, etc | तमिलनाडु , |
| Name of publisher, distributor, etc | McGraw Hill |
| Date of publication, distribution, etc | 2023 |
| 270 ## - ADDRESS | |
| Address | अंजना काम्प्लेक्स न.5/90ए , बट रोड , सत.थॉमस माउंट , |
| City | चेन्नई |
| Postal code | 600016 |
| 300 ## - PHYSICAL DESCRIPTION | |
| Extent | 229 पृ. |
| Other physical details | 24 सेमी (अजिल्द) |
| 500 ## - GENERAL NOTE | |
| General note | चतुर्थ संस्करण (वर्ग : I-V) |
| 700 ## - ADDED ENTRY--PERSONAL NAME | |
| Personal name | प्रकाश , बिमला [Author] |
| 9 (RLIN) | 57107 |
| 942 ## - ADDED ENTRY ELEMENTS (KOHA) | |
| Source of classification or shelving scheme | Dewey Decimal Classification |
| Item type | Hindi Books |
| Classification part | 363.7402 |
| Call number suffix | प्रकाश |
| Withdrawn status | Lost status | Not for loan | Collection code | Home library | Current library | Date acquired | Source of acquisition | Cost, normal purchase price | Full call number | Barcode | Copy number | Cost, replacement price | Koha item type |
|---|---|---|---|---|---|---|---|---|---|---|---|---|---|
| Non-fiction | Andrews Gunj | Andrews Gunj | 21/03/2024 | प्रगति पब्लिकेशन /26/17.1.24/168/9.1.24/25.1.24 | 345.00 | 363.7402 प्रकाश | B-758089 | 1 | 345.00 | Hindi Books | |||
| Non-fiction | Central Library | Central Library | 21/03/2024 | प्रगति पब्लिकेशन /26/17.1.24/168/9.1.24/25.1.24 | 345.00 | 363.7402 प्रकाश | B-758086 | 1 | 345.00 | Hindi Books | |||
| Non-fiction | RC4 Kalyan Puri | RC4 Kalyan Puri | 21/03/2024 | प्रगति पब्लिकेशन /26/17.1.24/168/9.1.24/25.1.24 | 345.00 | 363.7402 प्रकाश | B-758092 | 1 | 345.00 | Hindi Books | |||
| Non-fiction | Sarojini Nagar | Sarojini Nagar | 21/03/2024 | प्रगति पब्लिकेशन /26/17.1.24/168/9.1.24/25.1.24 | 345.00 | 363.7402 प्रकाश | B-758088 | 1 | 345.00 | Hindi Books | |||
| Non-fiction | Shahdara Branch | Shahdara Branch | 21/03/2024 | प्रगति पब्लिकेशन /26/17.1.24/168/9.1.24/25.1.24 | 345.00 | 363.7402 प्रकाश | B-758091 | 1 | 345.00 | Hindi Books | |||
| Non-fiction | Tri Nagar | Tri Nagar | 21/03/2024 | प्रगति पब्लिकेशन /26/17.1.24/168/9.1.24/25.1.24 | 345.00 | 363.7402 प्रकाश | B-758087 | 1 | 345.00 | Hindi Books | |||
| Non-fiction | Vinoba Puri | Vinoba Puri | 21/03/2024 | प्रगति पब्लिकेशन /26/17.1.24/168/9.1.24/25.1.24 | 345.00 | 363.7402 प्रकाश | B-758090 | 1 | 345.00 | Hindi Books |
